000
00324pab a2200145 454500
008
180718b1986 xxu||||| |||| 00| 0 eng d
100
_a
Narendra Prasad
245
_a
Lead banks and rural transformation
260
_c
1986
300
_a
21-3,28
362
_a
16 July
650
_a
Banks
773
_a
Yojana
909
_a
4249
999
_c
4249
_d
4249